Uttar aadhunikatha aur Udaya Prakash ka sahitya/ (Record no. 71860)

000 -LEADER
fixed length control field 00456nam a22001577a 4500
020 ## - INTERNATIONAL STANDARD BOOK NUMBER
International Standard Book Number 9788188571703
082 ## - DEWEY DECIMAL CLASSIFICATION NUMBER
Classification number H 891.430 7
Item number SUR/U
100 ## - MAIN ENTRY--PERSONAL NAME
Personal name Suresh B Patel
9 (RLIN) 48000
245 ## - TITLE STATEMENT
Title Uttar aadhunikatha aur Udaya Prakash ka sahitya/
Statement of responsibility, etc. by Suresh B Patel
260 ## - PUBLICATION, DISTRIBUTION, ETC.
Place of publication, distribution, etc. Kanpur :
Name of publisher, distributor, etc. Chinthan Prakashan,
Date of publication, distribution, etc. 2013.
300 ## - PHYSICAL DESCRIPTION
Extent 232p.
650 ## - SUBJECT ADDED ENTRY--TOPICAL TERM
Topical term or geographic name entry element Literature Hindi Study
9 (RLIN) 48001
650 ## - SUBJECT ADDED ENTRY--TOPICAL TERM
Topical term or geographic name entry element Literature Hindi
9 (RLIN) 48002
650 ## - SUBJECT ADDED ENTRY--TOPICAL TERM
Topical term or geographic name entry element Literature
9 (RLIN) 48003
942 ## - ADDED ENTRY ELEMENTS (KOHA)
Koha item type Book
Holdings
Withdrawn status Lost status Damaged status Not for loan Permanent Location Current Location Shelving location Date acquired Cost, normal purchase price Total Checkouts Total Renewals Full call number Barcode Date last seen Date last checked out Price effective from Koha item type
        Sree Sankaracharya University of Sanskrit Sree Sankaracharya University of Sanskrit Stacks 01.06.2018 500.00 1 1 H 891.430 7 SUR/U 089694 02.07.2022 22.06.2022 01.06.2018 Book